000 00685nam a2200265Ia 4500
005 20260306163442.0
008 008 260114s9999 xx 000 0 eng d
020 _a9780813038377
037 _aEBOOK
040 _aCRL
040 _beng
040 _cCRL
041 _2eng
041 _aeng
084 _qCRL
100 _aDe Oviedo
_91128656
245 0 _aMisfortunes And Shipwrecks In The Seas Of The Indies, Islands, And Mainland Of The Ocean Sea (1513-1548)
260 _bUniversity Press of Florida
260 _c2011
650 _aHistory
856 _uhttps://academic.oup.com/book/21778
942 _cEBOOK
999 _c1710156
_d1710156